Posúdenie prúdenia vo vtokovom objekte MVE Stará Ľubovňa
Uložené v:
| Hlavný autor: | |
|---|---|
| Ďalší autori: | |
| Médium: | Rukopis Kniha |
| Jazyk: | Slovak |
| Vydavateľské údaje: |
2018
|
| Predmet: | |
| On-line prístup: | http://is.stuba.sk/zp/portal_zp.pl?podrobnosti=137671 https://opac.crzp.sk/?fn=detailBiblioForm&sid=752BE197E3AE405D418BF379404B |
| Tagy: |
Žiadne tagy, Buďte prvý, kto otaguje tento záznam!
|
MARC
| LEADER | 00000ntm a22000003a 4500 | ||
|---|---|---|---|
| 001 | stuzp68201 | ||
| 003 | SK-STU | ||
| 005 | 20230615155400.1 | ||
| 007 | ta | ||
| 008 | 150427s2015----xo-----f-mn---000-0-slo-d | ||
| 040 | |a STU |b slo | ||
| 041 | 0 | |a slo | |
| 100 | 1 | |a Bytčanková, Lucia |u 010170 |4 aut |U SvF Stavebná fakulta |T SvF Katedra hydrotechniky |X 62693 |U V170 |Y 17 |7 62693 | |
| 242 | 0 | 1 | |a Assessment of Flow in Intake Structure of the Stará Ľubovňa SHPP |y eng |
| 245 | 1 | 0 | |a Posúdenie prúdenia vo vtokovom objekte MVE Stará Ľubovňa |
| 260 | |c 2018 | ||
| 650 | 4 | |a nízkotlaková malá vodná elektráreň |2 slo | |
| 650 | 4 | |a vtokové objekty |2 slo | |
| 650 | 4 | |a matematické modelovanie prúdenia |2 slo | |
| 650 | 4 | |a low – head hydro power plant |2 eng | |
| 650 | 4 | |a intake structure |2 eng | |
| 650 | 4 | |a mathematic modeling |2 eng | |
| 700 | 1 | |a Rumann, Ján |u 010170 |k Z1 |4 ths |U SvF Stavebná fakulta |T SvF Katedra hydrotechniky |X 38286 |U V170 |Y 17 |7 A000038286 | |
| 856 | 4 | |u http://is.stuba.sk/zp/portal_zp.pl?podrobnosti=137671 | |
| 856 | 4 | |u https://opac.crzp.sk/?fn=detailBiblioForm&sid=752BE197E3AE405D418BF379404B | |